| 000 | 00489nam a2200157Ia 4500 | ||
|---|---|---|---|
| 008 | 220216s9999 xx 000 0 und d | ||
| 100 | _aSasikumar B. | ||
| 245 | 0 | _aEffect of foliar application of nitrogen and phosphorous on fruit yield in para rubber(Hevea brasiliensis Muell. Arg.) | |
| 260 |
_bJournal of Plantation Crops _c1987 |
||
| 300 | _a135-136 | ||
| 650 | _aFoliar application | ||
| 650 | _aFruit yield | ||
| 700 | _aIdicula S.P. | ||
| 700 | _aPanikkar A.O.N. | ||
| 942 | _cBS | ||
| 999 |
_c48996 _d48996 |
||